Chronographie ou Histoire d'un siècle de Byzanze (976 - 1077) / (Record no. 123185)

MARC details
000 -LEADER
campo de control de longitud fija 00566nam a2200169 4500
001 - NÚMERO DE CONTROL
campo de control 123185
003 - IDENTIFICADOR DE NÚMERO DE CONTROL
campo de control ES-MaACL
005 - FECHA Y HORA DE LA ÚLTIMA TRANSACCIÓN
campo de control 20230906192127.0
007 - CAMPO FIJO DE DESCRIPCIÓN FÍSICA--INFORMACIÓN GENERAL
campo de control de longitud fija t|
008 - DATOS DE LONGITUD FIJA--INFORMACIÓN GENERAL
campo de control de longitud fija 070214m19261928fr r ||||0| fre d
100 1# - ENTRADA PRINCIPAL--NOMBRE DE PERSONA
Nombre de persona Psellus, Michael.
9 (RLIN) 94101
245 10 - MENCIÓN DEL TÍTULO
Título Chronographie ou Histoire d'un siècle de Byzanze (976 - 1077) /
Mención de responsabilidad, etc. Michel Psellos ; texte établi e traduit par Emile Renauld.
260 ## - PUBLICACIÓN, DISTRIBUCIÓN, ETC.
Lugar de publicación, distribución, etc. Paris :
Nombre del editor, distribuidor, etc. Societé d'Edition `Les Belles Lettres`,
Fecha de publicación, distribución, etc. 1926 - 1928.
300 ## - DESCRIPCIÓN FÍSICA
Extensión 2 v ;
Dimensiones 20 cm.
700 1# - ENTRADA AGREGADA--NOMBRE PERSONAL
Nombre de persona Renauld, Emile.
9 (RLIN) 96187
852 ## - LOCALIZACIÓN
Ubicación ES-MaACL
Número de control de estantería D-8859-60
Holdings
Estatus retirado Estado de pérdida Estado de daño No para préstamo Biblioteca de origen Biblioteca actual Ubicación en estantería Fecha de adquisición Fuente de adquisición Total de préstamos Signatura topográfica completa Código de barras Visto por última vez Precio de reemplazo Tipo de ítem Koha
        Biblioteca del Ateneo de Madrid Biblioteca del Ateneo de Madrid Sala Valle Inclán 17/01/2008     D-8859-60 901128357 23/02/2023 23/02/2023 Libro impreso